02719nam a2200409Ia 450000500170000000800410001702000180005804000180007604100080009408200220010210000320012424501060015625000130026226000440027530000360031965000230035565000270037865000470040570000290045270000280048194200310050999900190054095201180055995201180067795201180079595201180091395201180103195201180114995201180126795201180138595201180150395201180162195201180173995201440185795201440200195201640214520221206151616.0210716s2013 xx 000 0 und d a9788131764350 cAIMIT LIBRARY aeng a657.42 214bHORC aHorngren, Charles T.964833 aCost accounting : bmanagerial emphasis /cBy Charles T Horngren, Srikant M Datar and Madhav V Rajan. a14th ed. aNew Delhi :bPearson Education ,c2013. axx,1035p. ;bPBc26.5 cmc24 cm aJob costing964834 aProcess costing964835 aCapital budgeting and cost analysis964836 aDatar, Srikant M.964837 aRajan, Madhav V.964838 2ddccBKe14thk657.42 HORC c180597d180597 001040708MCAaAIMITbAIMITd2021-07-16eDonatedl0o657.42 HORCpMCA00105r2025-07-21 00:00:00w2021-07-16yBK 001040708MCAaAIMITbAIMITd2021-07-16eDonatedl0o657.42 HORCpMCA00116r2025-07-21 00:00:00w2021-07-16yBK 001040708MCAaAIMITbAIMITd2021-07-16eDonatedl0o657.42 HORCpMCA01079r2025-07-21 00:00:00w2021-07-16yBK 001040708MCAaAIMITbAIMITd2021-07-16eDonatedl0o657.42 HORCpMCA01188r2025-07-21 00:00:00w2021-07-16yBK 001040708MCAaAIMITbAIMITd2021-07-16eDonatedl0o657.42 HORCpMCA01190r2025-07-21 00:00:00w2021-07-16yBK 001040708MCAaAIMITbAIMITd2021-07-16eDonatedl0o657.42 HORCpMCA01193r2025-07-21 00:00:00w2021-07-16yBK 001040708MCAaAIMITbAIMITd2021-07-16eDonatedl0o657.42 HORCpMCA01633r2025-07-21 00:00:00w2021-07-16yBK 001040708MCAaAIMITbAIMITd2021-07-16eDonatedl0o657.42 HORCpMCA01634r2025-07-21 00:00:00w2021-07-16yBK 001040708MCAaAIMITbAIMITd2021-07-16eDonatedl0o657.42 HORCpMCA01635r2025-07-21 00:00:00w2021-07-16yBK 001040708MCAaAIMITbAIMITd2021-07-16eDonatedl0o657.42 HORCpMCA01639r2025-07-21 00:00:00w2021-07-16yBK 001040708MCAaAIMITbAIMITd2021-07-16eDonatedl0o657.42 HORCpMCA06369r2025-07-21 00:00:00w2021-07-16yBK 00102ddc40708MBAaAIMITbAIMITd2021-07-16iBill no:; Bill dt:2010-09-16l0o657.42 HORCpMBA03452r2026-05-23 00:00:00w2021-07-16yBK 00102ddc40708MBAaAIMITbAIMITd2021-07-16iBill no:; Bill dt:2010-09-16l0o657.42 HORCpMBA05789r2026-05-23 00:00:00w2021-07-16yBK 00102ddc40708MBAaAIMITbAIMITd2010-12-15g595.00iBill no:ABK 507; Bill dt:2010-09l0o657.42 HORCpMBA08407r2026-05-23 00:00:00v446.25w2021-07-16yBK